000 00748nam a2200241Ia 4500
003 OSt
005 20221005112647.0
006 a|||||r|||| 00| 0
007 ta
008 221004b |||||||| |||| 00| 0 pan d
020 _cIndian Rupees 25.00
024 _a28012
037 _bGift, 04/11/2016,
_cTextual
040 _aCRL
_cCRL
_bpan
041 _2pan
_apan
082 _aO153,1NSIx, M2
100 _aਚਰਨ ਸਿੰਘ
245 0 _aਤੀਸਰੀ ਅੱਖ
260 _aਜਲੰਧਰ
_bਮਿਥਕ ਪ੍ਰਕਾਸਨ ਭਾਰਤ
_c1982
650 _aਪੰਜਾਬੀ ਸਾਹਿਤ
942 _hO153,1NSIx, M2
_cTEXL
_2cc
999 _c1025569
_d1025569